=LDR 00000nam 2200000 4500 =001 INLIS000000000006222 =005 20251105024840 =035 ##$$a 0010-1125000096 =007 ta =008 251105###########################0#ind## =082 ##$$a 331.11 =084 ##$$a 331.11 BAD r =100 #$$a Badan Koordinasi Keluarga Berencana Nasional =245 1#$$a Rumusan Kebijakan Sumberdaya Manusia /$c Badan Koordinasi Keluarga Berencana Nasional =260 ##$$a Jakarta :$b Badan Koordinasi Keluarga Berencana Nasional,$c 1996 =300 ##$$a 26 Hal : $b Ilus ; $c 21 =650 #4$$a Keluarga Berencana =856 ##$$a Perpustakaan Kemendukbangga